Porada má mať zmysel a jasný cieľ
Čo by malo byť cieľom porady. Informatívna a rozhodovacia porada. Mediátori. Čo býva najčastejšie zdrojom nedostatkov porád.
Enregistré dans:
| Auteur principal: | |
|---|---|
| Format: | Chapitre de livre |
| Langue: | slovaque |
| Sujets: | |
| Tags: |
Pas de tags, Soyez le premier à ajouter un tag!
|
MARC
| LEADER | 00000naa a2200000 4500 | ||
|---|---|---|---|
| 001 | 0225310 | ||
| 005 | 20220805074247.5 | ||
| 041 | 0 | |a slo | |
| 044 | |a SK | ||
| 245 | 1 | 0 | |a Porada má mať zmysel a jasný cieľ |c Mária Kopčíková |
| 520 | |a Čo by malo byť cieľom porady. Informatívna a rozhodovacia porada. Mediátori. Čo býva najčastejšie zdrojom nedostatkov porád. | ||
| 610 | 2 | 0 | |a porady pracovné |
| 100 | 1 | |a Kopčíková, Mária | |